000 00267nam a2200109Ia 4500
008 190912s9999||||xx |||||||||||||| ||und||
100 _aShareef-ul-Mujahid
245 0 _aTahreek Pakistan
260 _aKarachi
_bQuaid-e-Azam Academy
_c1987
300 _a404
942 _cBK
999 _c7372
_d7372